• 首页
  • 本馆介绍
  • 公告通知
  • 最新文献
  • 馆藏检索
  • 电子资源
  • 读者导购
  • 参考咨询
  • 我的图书馆
  • 登录
  • 详细信息显示
  • 放入我的书架
  • 预约/预借图书
  • 作者相关作品
  • 分类相关作品
  • 丛书相关作品
  • 出版社相关作品

书目信息

  • 表格格式
  • 工作单格式
  • 卡片格式
题名:
中文版Photoshop CS6.0完美互动手册
    
 
作者: 陈志民 编著
分册:  
出版信息: 北京   清华大学出版社  2014
页数: 398页
开本: 26cm
丛书名: 完美互动手册
单 册:
中图分类: TP391.414-62 , TP391.414
科图分类:
主题词: 图象处理软件--Tu Xiang Chu Li Ruan Jian--手册
电子资源:
ISBN: 978-7-302-33235-0
000 01216nam 2200289 450
001 1663138937
005 20131002121000.0
010    @a978-7-302-33235-0@dCNY78.00
010    @a978-7-89414-769-1@b光盘
100    @a20140307d2014 em y0chiy0120 ea
101 0  @achi
102    @aCN@b110000
105    @aa z 000yy
106    @ar
200 1  @a中文版Photoshop CS6.0完美互动手册@AZhong Wen Ban Photoshop CS6.0 Wan Mei Hu Dong Shou Ce@f陈志民编著
210    @a北京@c清华大学出版社@d2014
215    @a398页@c彩图@d26cm@e光盘1片
225 2  @a完美互动手册@AWan Mei Hu Dong Shou Ce
330    @aPhotoshop CS5是一款功能强大的图像处理软件,广泛应用于平面广告、多媒体制作、摄影等众多领域,深受广大设计用户的青睐。本书针对初学者的需求,内容由浅入深,从零开始讲解了Photoshop CS5的各项工具和重要的功能,并运用多个精彩实例贯穿于全书讲解的过程中,操作一目了然,切实帮助读者快速领悟,逐步精通软件的操作,从新手成为设计高手。
333    @a广大Photoshop初学者
410  0 @12001 @a完美互动手册
606 0  @a图象处理软件@ATu Xiang Chu Li Ruan Jian@j手册
690    @aTP391.414-62@v5
690    @aTP391.414@v4
701  0 @a陈志民@AChen Zhi Min@4编著
801  0 @aCN@b江苏新华@c20150511
905    @aBZT@dTP391.414@e11
    
    中文版Photoshop CS6.0完美互动手册/陈志民编著.-北京:清华大学出版社,2014
    398页:彩图;26cm+光盘1片.-(完美互动手册)
    使用对象:广大Photoshop初学者
    
    ISBN 978-7-302-33235-0:CNY78.00
    Photoshop CS5是一款功能强大的图像处理软件,广泛应用于平面广告、多媒体制作、摄影等众多领域,深受广大设计用户的青睐。本书针对初学者的需求,内容由浅入深,从零开始讲解了Photoshop CS5的各项工具和重要的功能,并运用多个精彩实例贯穿于全书讲解的过程中,操作一目了然,切实帮助读者快速领悟,逐步精通软件的操作,从新手成为设计高手。
●
相关链接 在五车中查询图书 在当当中查询图书 在豆瓣中查询图书


正题名:中文版Photoshop CS6.0完美互动手册     索取号:TP391.414/11         预约/预借

序号 登录号 条形码 馆藏地/架位号 状态 备注
1 797593   2000797593   第二书库/ [索取号:TP391.414/11] 在馆    
2 797594   2000797594   第二书库/ [索取号:TP391.414/11] 在馆    
3 797595   2000797595   第二书库/ [索取号:TP391.414/11] 在馆    
山东省滨州职业学院图书馆 欢迎您!
大连网信软件有限公司© 版权所有